Исследование хлорирования некоторых окислов металлов и сложных полиметаллических материалов: автореферат диссертации на соискание ученой степени доктора химических наук; спец. 02.070

Bibliografiske detaljer
Hovedforfatter: Ивашенцев Я. И.
Institution som forfatter: Томский государственный университет (ТГУ)
Summary:Защита сост. 25.06.1971 г.
Sprog:russisk
Udgivet: Томск, [Б. и.], 1971
Fag:
Format: MixedMaterials Bog
KOHA link:https://koha.lib.tpu.ru/cgi-bin/koha/opac-detail.pl?biblionumber=322966

MARC

LEADER 00000nam0a2200000 4500
001 322966
005 20231102003526.0
035 |a (RuTPU)RU\TPU\book\348524 
090 |a 322966 
100 |a 20161006d1971 k y0rusy50 ca 
101 0 |a rus 
102 |a RU 
105 |a a dm 001zy 
200 1 |a Исследование хлорирования некоторых окислов металлов и сложных полиметаллических материалов  |e автореферат диссертации на соискание ученой степени доктора химических наук  |e спец. 02.070  |f Я. И. Ивашенцев  |g Томский государственный университет (ТГУ) 
210 |a Томск  |c [Б. и.]  |d 1971 
215 |a 42 с.  |c ил. 
300 |a Защита сост. 25.06.1971 г. 
320 |a Библиогр.: с. 37-41 (92 назв.) 
606 1 |a Хлорирование в цветной металлургии  |2 stltpush  |3 (RuTPU)RU\TPU\subj\17421  |9 43069 
610 1 |a окислы металлов 
610 1 |a физико-химические основы 
610 1 |a хлорирующие реагенты 
610 1 |a реакционная способность 
610 1 |a металлургическое сырье 
610 1 |a хлорная переработка 
610 1 |a хлор 
610 1 |a авторефераты диссертаций 
610 1 |a библиотека А. Г. Стромберга 
675 |a 669.2.053(04)  |v 3 
686 |a 02.070  |2 oksvnk 
700 1 |a Ивашенцев  |b Я. И. 
712 0 2 |a Томский государственный университет (ТГУ)  |2 stltpush  |3 (RuTPU)RU\TPU\col\397 
801 1 |a RU  |b 63413507  |c 20161006 
801 2 |a RU  |b 63413507  |c 20181009  |g RCR 
942 |c BK